| 000 | 00754cam a2200217 a 4500 | ||
|---|---|---|---|
| 001 | 000015787 | ||
| 005 | 20200929164143.0 | ||
| 008 | 890524s1990 nju b s001 0 eng | ||
| 020 | _a0813514975 | ||
| 040 |
_aDO-SdBNP _beng _cLC _dBNPHU |
||
| 082 |
_a070.40973 _bP267p |
||
| 100 | 1 |
_aParsons, D. W. _935534 |
|
| 245 | 1 | 4 |
_aThe power of the financial press : _bjournalism and economic opinion in Britain and America / _cWayne Parsons. |
| 260 |
_aNew Brunswick, New Jersey : _bRutgers University Press, _c1990. |
||
| 300 |
_aix, 266 p. ; _c22 cm. |
||
| 504 | _aBibliografía: p. 231-253. | ||
| 650 | 4 |
_aPeriodismo _zStados Unidos. _935535 |
|
| 650 | 4 |
_aOpinión pública _zEstados Unidos _935536 |
|
| 910 | _aCatalogación por copia / LC | ||
| 049 | _aBNGR | ||
| 999 |
_c15334 _d15334 |
||